|
|
|
|
| LEADER |
00000nab a2200000u 4500 |
| 001 |
vtls011988278 |
| 003 |
SK-MaSNL |
| 005 |
20260303095517.0 |
| 008 |
200820|2020 xo ||||||| ||00 ||slo| |
| 038 |
|
|
|a KEVKJB
|
| 040 |
|
|
|a KEVKJB
|b slo
|e rda
|
| 041 |
0 |
|
|a slo
|
| 043 |
|
|
|a e-xo---
|
| 044 |
|
|
|a xo
|c SK
|
| 072 |
|
7 |
|a 394
|x Verejný a spoločenský život. Každodenný život
|2 konspekt
|
| 080 |
|
|
|a 394.1/.7
|2 2011
|
| 100 |
1 |
|
|a Vargová, Jana
|4 aut
|9 325005
|
| 245 |
1 |
0 |
|a Čo všetko koronakríza ukradla Košiciam
|b tohto roku musíme oželieť množstvo kultúrnych aj športových akcií ...
|c Jana Vargová
|
| 300 |
|
|
|b Fotografie
|
| 336 |
|
|
|a text
|b txt
|2 rdacontent
|
| 337 |
|
|
|a bez média
|b n
|2 rdamedia
|
| 338 |
|
|
|a zväzok
|b nc
|2 rdacarrier
|
| 648 |
|
7 |
|a 2020
|2 kevkjb
|9 340435
|
| 650 |
0 |
7 |
|a kultúrne podujatia
|2 SNKPH
|9 71676
|
| 650 |
0 |
7 |
|a koronakríza
|2 kevkjb
|9 443235
|
| 651 |
|
7 |
|a Košice (Slovensko)
|2 SNKPHgeo
|9 18694
|
| 773 |
0 |
|
|t KOŠICE:DNES
|g Roč. 7, č. 85 (5.5.2020), s. 4-5
|x 1339-7605
|
| 852 |
|
|
|a KEVKJB
|b KIS3GCP
|
| 856 |
4 |
1 |
|u https://kosicednes.sk/udalosti/co-vsetko-koronakriza-ukradla-kosiciam/
|
| 999 |
|
|
|c 1825321
|d 1827251
|